Untouchable freedom: A social history of a Dalit community (Record no. 1309916)
[ view plain ]
| 000 -LEADER | |
|---|---|
| fixed length control field | 02119nam a2200217 4500 |
| 005 - DATE AND TIME OF LATEST TRANSACTION | |
| control field | 20250502101339.0 |
| 008 - FIXED-LENGTH DATA ELEMENTS--GENERAL INFORMATION | |
| fixed length control field | 250502b |||||||| |||| 00| 0 eng d |
| 020 ## - INTERNATIONAL STANDARD BOOK NUMBER | |
| International Standard Book Number | 9789392018176 |
| 037 ## - SOURCE OF ACQUISITION | |
| Terms of availability | Textual |
| 040 ## - CATALOGING SOURCE | |
| Original cataloging agency | RTL |
| Transcribing agency | RTL |
| 084 ## - COLON CLASSIFICATION NUMBER | |
| Classification number | Y5927.2.N9 P0 |
| Assigning agency | RTL |
| 100 ## - MAIN ENTRY--PERSONAL NAME | |
| Personal name | Prashad, Vijay |
| 245 ## - TITLE STATEMENT | |
| Title | Untouchable freedom: A social history of a Dalit community |
| 300 ## - PHYSICAL DESCRIPTION | |
| Extent | 244 p. ill. |
| Other physical details | Includes glossary |
| 521 ## - TARGET AUDIENCE NOTE | |
| Target audience note | <br/>“This book treats the Balmikis, a marginalized community, as a conscious entity, and highlights their agency.” – Dr Vaishali, historian “Acute social and political observations on an important north Indian Dalit community.” – American Historical Review “A balanced but not uncritical treatment.” – Journal of Asian Studies “Excellent . . . enlightening.” – Journal of Social History “A painful saga of exploitation . . . [An] excellent history.” – International Journal of Hindu Studies “Untouchable Freedom is a remarkable achievement – it is a labour of love, devotion, and care for a community that Vijay undeniably loves. It is a testimony to a combination of quality research conducted in multiple sites, several archives, and incorporating detailed ethnography. The merit of this remarkable text is that it adds a humane value to the subjects instead of a direct, confrontational reductionism often seen in the case of studies of Dalit lifeworlds. Vijay is aware of his own politics, but he prioritises scholarship over everything else. Vijay has offered evidence of what it means to combine ethnography with compassionate rigour. With detailed notes from the registers of the Delhi Municipal Corporation, National Archives of India, police records, CID reports, and scores of official accounts, this multi-layered study should also be of interest to scholars of urban studies, architecture, and environmental studies.” |
| 650 ## - SUBJECT ADDED ENTRY--TOPICAL TERM | |
| Topical term or geographic name entry element | Dalit- History- India |
| 9 (RLIN) | 753716 |
| 650 ## - SUBJECT ADDED ENTRY--TOPICAL TERM | |
| Topical term or geographic name entry element | Untouchability- India |
| 9 (RLIN) | 753717 |
| 650 ## - SUBJECT ADDED ENTRY--TOPICAL TERM | |
| Topical term or geographic name entry element | Dalit community- India |
| 9 (RLIN) | 753718 |
| 700 ## - ADDED ENTRY--PERSONAL NAME | |
| Personal name | Suraj Yengde |
| 9 (RLIN) | 753719 |
| 942 ## - ADDED ENTRY ELEMENTS (KOHA) | |
| Source of classification or shelving scheme | Colon Classification (CC) |
| Suppress in OPAC | No |
| Koha item type | Textbook |
| Classification part | Y5927.2.N9 P0 |
| Withdrawn status | Lost status | Source of classification or shelving scheme | Damaged status | Not for loan | Home library | Current library | Date acquired | Total Checkouts | Full call number | Barcode | Date last seen | Price effective from | Koha item type |
|---|---|---|---|---|---|---|---|---|---|---|---|---|---|
| Colon Classification (CC) | Ratan Tata Library | Ratan Tata Library | 2025-05-02 | Y5927.2.N9 P0 | RT1585275 | 2025-05-02 | 2025-05-02 | Textbook |
